Influence of psychological safety cultural intelligence and organisational identification on innovative work behaviour and employee happiness / (Record no. 230902)
[ view plain ]
| 000 -LEADER | |
|---|---|
| fixed length control field | 00779nam a22002057a 4500 |
| 003 - CONTROL NUMBER IDENTIFIER | |
| control field | OSt |
| 005 - DATE AND TIME OF LATEST TRANSACTION | |
| control field | 20240527132305.0 |
| 008 - FIXED-LENGTH DATA ELEMENTS--GENERAL INFORMATION | |
| fixed length control field | 240523b ||||| |||| 00| 0 eng d |
| 040 ## - CATALOGING SOURCE | |
| Transcribing agency | AIMIT LIBRARY |
| 100 ## - MAIN ENTRY--PERSONAL NAME | |
| Personal name | Carvalho, Kenneth. |
| Relator term | 2016066 |
| 9 (RLIN) | 167139 |
| 245 ## - TITLE STATEMENT | |
| Title | Influence of psychological safety cultural intelligence and organisational identification on innovative work behaviour and employee happiness / |
| Statement of responsibility, etc. | By Kenneth Carvalho ; Guided by Justin James. |
| 260 ## - PUBLICATION, DISTRIBUTION, ETC. | |
| Place of publication, distribution, etc. | Tirunelveli ; |
| Date of publication, distribution, etc. | 2022. |
| 650 ## - SUBJECT ADDED ENTRY--TOPICAL TERM | |
| Topical term or geographic name entry element | Industry profile company |
| 9 (RLIN) | 167911 |
| 650 ## - SUBJECT ADDED ENTRY--TOPICAL TERM | |
| Topical term or geographic name entry element | Literature review/ mapping |
| 9 (RLIN) | 167912 |
| 650 ## - SUBJECT ADDED ENTRY--TOPICAL TERM | |
| Topical term or geographic name entry element | Research methodology |
| 9 (RLIN) | 167913 |
| 650 ## - SUBJECT ADDED ENTRY--TOPICAL TERM | |
| Topical term or geographic name entry element | Data analysis and interpretation |
| 9 (RLIN) | 167914 |
| 700 ## - ADDED ENTRY--PERSONAL NAME | |
| Personal name | James, Justin. |
| 9 (RLIN) | 167140 |
| Relator term | Guide |
| 856 ## - ELECTRONIC LOCATION AND ACCESS | |
| Materials specified | Ifortis |
| 942 ## - ADDED ENTRY ELEMENTS (KOHA) | |
| Source of classification or shelving scheme | Dewey Decimal Classification |
| Koha item type | Project Report |
| Withdrawn status | Lost status | Source of classification or shelving scheme | Damaged status | Not for loan | Collection code | Home library | Current library | Shelving location | Date acquired | Total Checkouts | Barcode | Date last seen | Copy number | Price effective from | Koha item type |
|---|---|---|---|---|---|---|---|---|---|---|---|---|---|---|---|
| Dewey Decimal Classification | Not for loan | Project Report MBA | St Aloysius Institute of Management & Information Technology | St Aloysius Institute of Management & Information Technology | Dissertations | 05/23/2024 | PRB01919 | 05/23/2024 | 2016066 | 05/23/2024 | Project Report |